เปลี่ยนเป็นภาษาไทย

Change to English
 แสดงรายละเอียดบรรณานุกรม
  กลับหน้าหลัก

Brief Record : Get Marc (ISO 2709) : E-mail record : QR code กลับ
E-books : เกี่ยวกับ Collections
LEADER 00000nam 2200000uu 4500
001    13399128817
003     BCNR
008    260526s2568||||th 000 0 tha d
020    ^a9786166239867
041    ^atha
060  4 ^aWI725^bร924 2568
245 00 ^aโรคตับแข็งและการดูแลรักษา =^bCirrhosis and clinical management /^cสุภัทศรี เศรษฐสินธุ์, บรรณาธิการ
246 31 ^aCirrhosis and clinical management
250    ^aพิมพ์ครั้งที่ 1
260    ^aกรุงเทพฯ :^bคณะแพทยศาสตร์วชิรพยาบาล มหาวิทยาลัยนวมินทราธิราช,^c2568
300    ^a273 หน้า :^bภาพประกอบสี, ตาราง, แผนภูมิ ;^c27 ซม.
500    ^aได้รับการสนับสนุนจากโครงการตำราวชิรพยาบาล คณะแพทยศาสตร์วชิรพยาบาล
505 0  ^aส่วนที่ 1 โรคตับเรื้อรัง -- บทที่ 1 โรคตับแข็ง -- บทที่ 2 พังผืดเนื้อตับ -- ส่วนที่ 2 ภาวะแทรกซ้อนของโรคตับแข็ง -- บทที่ 3 การตรวจคัดกรองและการประเมินความเสี่ยงการเกิดมะเร็งตับปฐมภูมิ -- บทที่ 4 มะเร็งตับปฐมภูมิชนิด Hepatocellular carcinoma -- ส่วนที่ 3 ภาวะแทรกซ้อนอื่นๆ ของโรคตับแข็ง -- บทที่ 5 ภาวะท้องมานในผู้ป่วยตับแข็ง -- บทที่ 6 ภาวะไตบาดเจ็บเฉียบพลันในโรคตับแข็งและโรคไตเนื่องจากโรคตับ -- บทที่ 7 โรคสมองเหตุจากโรคตับ -- บทที่ 8 ภาวะความดันระบบหลอดเลือดพอร์ทัลสูง -- ส่วนที่ 4 การปลูกถ่ายตับ -- บทที่ 9 การปลูกถ่ายตับในประเทศไทย
650  4 ^aตับแข็ง
650  4 ^aตับแข็ง^xการรักษา
700 0  ^aสุภัทศรี เศรษฐสินธุ์,^eบรรณาธิการ
710 2  ^aมหาวิทยาลัยนวมินทราธิราช. ^bคณะแพทยศาสตร์วชิรพยาบาล
999    ^aบรรณารักษ์
รายการนี้ยังไม่มีแท็ก
คุณยังไม่ได้ล็อกอิน คุณสามารถมีกิจกรรมร่วมกับเว็บไซต์ได้ แต่ต้องล็อกอินก่อน ::
  ล็อกอิน
ลำดับที่ ประเภท เลขเรียก/บาร์โค้ด สถานที่ สถานะ
1. หนังสือ
หนังสือ
WI725 ร924 2568 c.1 
  Barcode: 088022
ห้องสมุดสาขาหลัก
►หนังสือทั่วไป
On Shelf
2. หนังสือ
หนังสือ
WI725 ร924 2568 c.2 
  Barcode: 088023
ห้องสมุดสาขาหลัก
►หนังสือทั่วไป
On Shelf
3. หนังสือ
หนังสือ
WI725 ร924 2568 c.3 
  Barcode: 088024
ห้องสมุดสาขาหลัก
►หนังสือทั่วไป
On Shelf
4. หนังสือ
หนังสือ
WI725 ร924 2568 c.4 
  Barcode: 088025
ห้องสมุดสาขาหลัก
►หนังสือทั่วไป
On Shelf
5. หนังสือ
หนังสือ
WI725 ร924 2568 c.5 
  Barcode: 088026
ห้องสมุดสาขาหลัก
►หนังสือทั่วไป
On Shelf
   [แสดง 5/5 รายการ]

รายการใกล้เคียง
    หัวเรื่อง [ตับแข็ง]

BibComment


ยังไม่เคยถูกคอมเมนท์

คอมเมนท์ทรัพยากรรายการนี้
  คอมเมนท์: โรคตับแข็งและการ..
Bib 13399128817

 
 
 

 Union Library Management : ULibM
Copyright 2026. All Rights Reserved.